Production and operations management : (Record no. 342963)
[ view plain ]
| 000 -LEADER | |
|---|---|
| fixed length control field | 00652 a2200181 4500 |
| 020 ## - INTERNATIONAL STANDARD BOOK NUMBER | |
| International Standard Book Number | 8120308387 |
| 020 ## - INTERNATIONAL STANDARD BOOK NUMBER | |
| International Standard Book Number | 9788120308381 |
| 090 ## - LOCALLY ASSIGNED LC-TYPE CALL NUMBER (OCLC); LOCAL CALL NUMBER (RLIN) | |
| -- | 401 |
| -- | 401 |
| 100 1# - MAIN ENTRY--PERSONAL NAME | |
| Personal name | Adams, Gerald R. |
| 245 10 - TITLE STATEMENT | |
| Title | Production and operations management : |
| Remainder of title | concepts, models, and behavior / |
| Statement of responsibility, etc. | Gerald R Adams. |
| 250 ## - EDITION STATEMENT | |
| Edition statement | fifth ed. |
| 260 ## - PUBLICATION, DISTRIBUTION, ETC. | |
| Place of publication, distribution, etc. | [S.l.] : |
| Name of publisher, distributor, etc. | SAGE PUBLICATIONS @ INC, |
| Date of publication, distribution, etc. | 1000. |
| 300 ## - PHYSICAL DESCRIPTION | |
| Extent | 748 p. |
| 500 ## - GENERAL NOTE | |
| General note | Mass Market Paperback. |
| 856 40 - ELECTRONIC LOCATION AND ACCESS | |
| Materials specified | Amazon.com |
| Uniform Resource Identifier | <a href="http://www.amazon.com/exec/obidos/ASIN/8120308387/chopaconline-20">http://www.amazon.com/exec/obidos/ASIN/8120308387/chopaconline-20</a> |
| 856 40 - ELECTRONIC LOCATION AND ACCESS | |
| Materials specified | Amazon customer reviews |
| Uniform Resource Identifier | <a href="http://www.chopac.org/cgi-bin/tools/azrev.pl?q=8120308387">http://www.chopac.org/cgi-bin/tools/azrev.pl?q=8120308387</a> |
| 942 ## - ADDED ENTRY ELEMENTS (KOHA) | |
| Institution code [OBSOLETE] | NBS |
| Koha item type | Book |
| Call number prefix | 658.5 ADA |
| Withdrawn status | Lost status | Damaged status | Not for loan | Permanent Location | Current Location | Date acquired | Total Checkouts | Full call number | Barcode | Date last seen | Price effective from | Koha item type |
|---|---|---|---|---|---|---|---|---|---|---|---|---|
| Central Library (CL) | Central Library (CL) | 08/28/2013 | 658.5 ADA | NBS2433 | 08/28/2013 | 08/28/2013 | Book | |||||
| Central Library (CL) | Central Library (CL) | 08/28/2013 | 658.5 ADA | NBS560 | 08/28/2013 | 08/28/2013 | Book | |||||
| Central Library (CL) | Central Library (CL) | 08/28/2013 | 658.5 ADA | NBS2112 | 08/28/2013 | 08/28/2013 | Book |
